Normal view
MARC view
- Economics -- Computer network resources.
Entry Topical Term
001 - CONTROL NUMBER
- control field: 20766
003 - CONTROL NUMBER IDENTIFIER
- control field: OSt
005 - DATE AND TIME OF LATEST TRANSACTION
- control field: 20170509145043.0
008 - FIXED-LENGTH DATA ELEMENTS
- fixed length control field: 170509|| aca||babn | a|a d
040 ## - CATALOGING SOURCE
- Original cataloging agency: OSt
150 ## - HEADING--TOPICAL TERM
- Topical term or geographic name entry element: Economics -- Computer network resources.
